书目信息 |
| 题名: |
国语集解
|
|
| 作者: | 韦昭 注 ;徐元诰 , 王树民 , 沈长云 集解 | |
| 分册: | ||
| 出版信息: | 北京 中华书局 2019 |
|
| 页数: | 624页 | |
| 开本: | 21cm | |
| 丛书名: | 中华国学文库 | |
| 单 册: | ||
| 中图分类: | K225.04 | |
| 科图分类: | ||
| 主题词: | 春秋战国时代--chun qiu zhan guo shi dai--历史 | |
| 电子资源: | ||
| ISBN: | 978-7-101-13901-3 | |
| 000 | 01028oam2 2200301 450 | |
| 001 | 2131061347 | |
| 005 | 20211029202829.0 | |
| 010 | @a978-7-101-13901-3@b精装@dCNY68.00 | |
| 100 | @a20190910d2019 em y0chiy0120 ea | |
| 101 | 0 | @achi |
| 102 | @aCN@b110000 | |
| 105 | @ay z 001yy | |
| 106 | @ar | |
| 200 | 1 | @a国语集解@Aguo yu ji jie@f(三国吴)韦昭注@g徐元诰集解@g王树民,沈长云点校 |
| 210 | @a北京@c中华书局@d2019 | |
| 215 | @a624页@d21cm | |
| 225 | 2 | @a中华国学文库@Azhong hua guo xue wen ku |
| 330 | @a本书选择各家有关《国语》校勘及注释文字,取补注的形式,对全书进行了点校整理。 | |
| 461 | 0 | @12001 @a中华国学文库 |
| 605 | @a《国语》@Aguo yu@x注释 | |
| 606 | 0 | @a春秋战国时代@Achun qiu zhan guo shi dai@x历史 |
| 690 | @aK225.04@v5 | |
| 701 | 0 | @c(吴)@a韦昭@Awei zhao@f(201~273)@4注 |
| 702 | 0 | @a徐元诰@Axu yuan gao@f(1878~1955)@4集解 |
| 702 | 0 | @a王树民@Awang shu min@4点校 |
| 702 | 0 | @a沈长云@Ashen chang yun@f(1944.9~)@4点校 |
| 801 | 0 | @aCN@b百万庄@c20211029 |
| 905 | @b1313671-74@dK225.04@e100@f4 | |
| 国语集解/(三国吴)韦昭注/徐元诰集解/王树民,沈长云点校.-北京:中华书局,2019 |
| 624页;21cm.-(中华国学文库) |
| ISBN 978-7-101-13901-3(精装):CNY68.00 |
| 本书选择各家有关《国语》校勘及注释文字,取补注的形式,对全书进行了点校整理。 |
| ● |
| 相关链接 |
|
|
|
|
正题名:国语集解
索取号:K225.04/100
 
预约/预借
| 序号 | 登录号 | 条形码 | 馆藏地/架位号 | 状态 | 备注 |
| 1 | 1313671 | 213136710 | 第二样本阅览室/ [索取号:K225.04/100] | 在馆 | |
| 2 | 1313672 | 213136729 | 第二借阅区/ [索取号:K225.04/100] | 在馆 | |
| 3 | 1313673 | 213136738 | 第二借阅区/ [索取号:K225.04/100] | 在馆 | |
| 4 | 1313674 | 213136747 | 第二借阅区/ [索取号:K225.04/100] | 在馆 |